| 000 | 01354cad a22002535a 4500 | ||
|---|---|---|---|
| 001 | L143393 | ||
| 008 | 080501s2008 xxk f 000 0 eng d | ||
| 035 | _a(Sirsi) u143393 | ||
| 041 | 0 | _aeng | |
| 050 | 0 | 4 | _a333.333 $2 18 |
| 110 | 2 |
_aSponge Sustainability Network _95116 |
|
| 245 | 0 | 0 |
_aBuyer's guide to a greener home _h[electronic resource] |
| 260 |
_aLondon _bSponge _c2008 |
||
| 520 | _aQuestion and answer format guide aims to provide buyers with the information they need to make an assessment of the sustainability of houses. Looks at key aspects of various parts of the home. Provides simple, practical tips geared to each aspect. Looks at the house's energy efficiency, water supply, waste and construction materials. Also considers local amenities, transport links and the potential for healthy living in the area. Includes a summary of key questions to ask sellers and their agents. | ||
| 521 | 2 | _aIntroductory | |
| 590 | _aKA | ||
| 651 | 4 |
_aUnited Kingdom _y |
|
| 690 | _aPROPERTY-RESIDENTIAL PROPERTY-ACQUISITION AND DISPOSAL OF RESIDENTIAL PROPERTY | ||
| 710 | 1 |
_aUnited Kingdom _bDepartment for Environment, Food and Rural Affairs |
|
| 710 | 2 |
_aDrivers Jonas _91941 |
|
| 710 | 2 |
_aFulcrum Consulting _95540 |
|
| 856 | 4 | 0 |
_uhttps://www.spongenet.org/buyersguide/ _zView the item free of charge at www.spongenet.org... |
| 942 | _n0 | ||
| 999 |
_c108140 _d108140 |
||